| 000 | 01017nam a2200265 a 4500 | ||
|---|---|---|---|
| 001 | BRCA_8519 | ||
| 003 | FranzMayer | ||
| 005 | 20230724113238.0 | ||
| 008 | 060916s1776----ag-#######---#000-0#lat-# | ||
| 040 |
_aMFM _bspa _cMFM |
||
| 041 | _alat | ||
| 084 |
_aBE24 _b.A58 1776 |
||
| 245 | 1 | 0 |
_aAntonii Genuensis, in Regia Neapolitana Academia Philosophiae Professoris _belementorum artis logico-criticae libri V : quibus praeter quamplurima selectiora & clariora additamenta accedunt Institutiones methaphysicae. |
| 250 | _a10 | ||
| 260 |
_aVenecia _bApud Thomam Bettinelli _c1776 |
||
| 300 |
_a[14], 552 p. _c18.5 x 12 cm. |
||
| 500 | _aEstado físico : presenta ataque de insectos | ||
| 500 | _aLibro en sala de exhibiciones artes decorativas 1, dentro del Museo Franz Mayer | ||
| 546 | _aTexto en : latín | ||
| 600 | 1 | 4 |
_aGenovesi, Antonio _d1712-1769 _921371 |
| 650 | 1 | 4 |
_aLógica _yObras anteriores a 1800 _921372 |
| 700 | 1 |
_aBettinelli, Tomas, (Venecia) _eImpresor _921373 |
|
| 902 | _aCFM | ||
| 942 |
_2lcc _cB |
||
| 999 |
_c8185 _d8185 |
||